| 000 | 00921nam a22001937a 4500 | ||
|---|---|---|---|
| 999 |
_c63494 _d63494 |
||
| 003 | Ge_BSU | ||
| 005 | 20251020144411.0 | ||
| 008 | 251020s2000 ge ||||| |||| 00| 0 geo d | ||
| 041 | _a geo | ||
| 080 | _a342.9 ს-20 | ||
| 100 |
_aსალხინაშვილი, მაკა _917287 |
||
| 245 |
_aადმინისტრაციული სახდელები და მათი გამოყენება / _cმაკა სალხინაშვილი, ვალერი ლორია; [რედ.: გ. ნაჭყებია]. |
||
| 264 |
_aთბ. : _b [ცოტნე], _c2000. |
||
| 300 |
_a266 გვ. ; _b20 სმ. |
||
| 504 | _aბიბლიოგრ.: გვ. 257-263. | ||
| 653 | _aადმინისტრაციული სამართალი | ||
| 700 |
_aლორია, ვალერი _e ავტორი _912576 |
||
| 942 |
_2udc _cᲬᲘᲒᲜᲘ |
||